| 000 | 00399nam a2200133Ia 4500 | ||
|---|---|---|---|
| 008 | 170221s9999 xx 000 0 und d | ||
| 100 | _aKirsten L. MacDonald | ||
| 245 | _aKiwiSaver and Retirement Adequacy | ||
| 245 | _cKirsten L. MacDonald, Robert J. Bianchi, and Michael E. Drew | ||
| 260 | _c2015 | ||
| 300 | _a13 : 1 | ||
| 650 | _xBusiness | ||
| 856 | _uhttp://ro.uow.edu.au/aabfj/vol6/iss4/5/ | ||
| 999 |
_c311509 _d311509 |
||